000 01097nam a2200337Ia 4500
003 OSt
005 20221007124705.0
006 a|||||r|||| 00| 0
007 ta
008 221006b |||||||| |||| 00| 0 eng d
020 _a9780471478782 (pbk)
024 _a192416
037 _b4008, 25/03/2015, Educational Book Agency (India)
_cTextual
040 _aCDL
_cCDL
_beng
041 _2eng
_aeng
082 _aE:218:(B), P3;P8 Carc
100 _aHoltje H D
245 0 _aMolecular modeling: basic principles and applications
_b Sippl W Rognan D Folkers G
250 _a3
260 _aWeinheim
_bWiley-VCH
_c2008
300 _ax, 310p. ill.
_ccm.
500 _aIndex 299-310p.
650 _a Small molecules
_9720116
650 _a Virtual screening
_9720117
650 _aChemogenomic
_9720118
700 _a Folkers G
_9720119
700 _a Rognan D
700 _a Sippl W
942 _hE:218:(B), P3;P8 Carc
_cTEXL
_2CC
999 _c1213930
_d1213930